Life 101: Everything We Wish We Had Learned About Life in School - But Didn't / (Record no. 615033)
[ view plain ]
| 000 -LEADER | |
|---|---|
| fixed length control field | 00406nam a22001337a 4500 |
| 020 ## - INTERNATIONAL STANDARD BOOK NUMBER | |
| Qualifying information | PB. |
| 040 ## - CATALOGING SOURCE | |
| Transcribing agency | Fizza Ishaq |
| 082 ## - DEWEY DECIMAL CLASSIFICATION NUMBER | |
| Classification number | 158.1 |
| Author Mark | JOH |
| 100 ## - MAIN ENTRY--PERSONAL NAME | |
| Personal name | Roger, John. |
| 9 (RLIN) | 130870 |
| 245 ## - TITLE STATEMENT | |
| Title | Life 101: Everything We Wish We Had Learned About Life in School - But Didn't / |
| Statement of responsibility, etc. | John Roger McWilliams, Peter McWilliams. |
| 260 ## - PUBLICATION, DISTRIBUTION, ETC. | |
| Place of publication, distribution, etc. | New York : |
| Name of publisher, distributor, etc. | Bantam Books, |
| Date of publication, distribution, etc. | 1991. |
| 300 ## - PHYSICAL DESCRIPTION | |
| Extent | 400 P. ; |
| 942 ## - ADDED ENTRY ELEMENTS (KOHA) | |
| Source of classification or shelving scheme | |
| Koha item type | Book |
| Withdrawn status | Lost status | Source of classification or shelving scheme | Damaged status | Not for loan | Permanent Location | Current Location | Date acquired | Total Checkouts | Full call number | Barcode | Date last seen | Price effective from | Koha item type |
|---|---|---|---|---|---|---|---|---|---|---|---|---|---|
| NUST Baluchistan Campus (NBC) | NUST Baluchistan Campus (NBC) | 10/03/2025 | 158.1 JOH | QD-524 | 10/03/2025 | 10/03/2025 | Book |
